Statistics for NCAAF Team Colors: Big 12

Click here to take the quiz!

General Stats

  • This quiz has been taken 69 times
  • The average score is 9 of 10

Answer Stats

Answer% Correct
Baylor
98%
TCU
92%
Kansas St.
91%
Oklahoma St.
91%
Texas
91%
Iowa St.
89%
West Virginia
89%
Kansas
85%
Oklahoma
85%
Texas Tech
83%

Score Distribution

Percentile by Number Answered

Percent of People with Each Score

Your Score History

You have not taken this quiz